Der Umgang mit gefährlichen Menschen: zu den konventionsrechtlichen Grenzen der Sicherungsverwahrung

Gespeichert in:  
Bibliographische Detailangaben
1. VerfasserIn: Kinzig, Jörg 1962- (Verfasst von)
Medienart: Druck Aufsatz
Sprache:Deutsch
Veröffentlicht: 2013
In: Jahrbuch der Juristischen Gesellschaft Bremen
Jahr: 2013, Band: 14, Seiten: 8-26
Verfügbarkeit prüfen: HBZ Gateway
Schlagwörter:

MARC

LEADER 00000caa a2200000 c 4500
001 1635548519
003 DE-627
005 20220616104825.0
007 tu
008 131219s2013 xx ||||| 00| ||ger c
035 |a (DE-627)1635548519 
035 |a (DE-576)39921528X 
035 |a (DE-599)BSZ39921528X 
040 |a DE-627  |b ger  |c DE-627  |e rakwb 
041 |a ger 
084 |a 2,1  |2 ssgn 
100 1 |a Kinzig, Jörg  |d 1962-  |0 (DE-588)11455515X  |0 (DE-627)391457969  |0 (DE-576)176038353  |4 aut 
109 |a Kinzig, Jörg 1962- 
245 1 4 |a Der Umgang mit gefährlichen Menschen  |b zu den konventionsrechtlichen Grenzen der Sicherungsverwahrung  |c Jörg Kinzig 
264 1 |c 2013 
336 |a Text  |b txt  |2 rdacontent 
337 |a ohne Hilfsmittel zu benutzen  |b n  |2 rdamedia 
338 |a Band  |b nc  |2 rdacarrier 
689 0 0 |d g  |0 (DE-588)4011882-4  |0 (DE-627)104704861  |0 (DE-576)208896155  |a Deutschland  |2 gnd 
689 0 1 |d s  |0 (DE-588)4181175-6  |0 (DE-627)105320234  |0 (DE-576)210003065  |a Sicherungsverwahrung  |2 gnd 
689 0 2 |d u  |0 (DE-588)4015727-1  |0 (DE-627)106335480  |0 (DE-576)208913246  |a Convention for the Protection of Human Rights and Fundamental Freedoms (1950-11-04)  |2 gnd 
689 0 |5 (DE-627) 
773 0 8 |i In  |a Juristische Gesellschaft Bremen  |t Jahrbuch der Juristischen Gesellschaft Bremen  |d Bremen : Ed. Temmen, 2000  |g 14(2013), Seite 8-26  |w (DE-627)331745097  |w (DE-600)2052383-X  |w (DE-576)108301990  |7 nnas 
773 1 8 |g volume:14  |g year:2013  |g pages:8-26 
951 |a AR 
ELC |b 1 
LOK |0 000 xxxxxcx a22 zn 4500 
LOK |0 001 329195646X 
LOK |0 003 DE-627 
LOK |0 004 1635548519 
LOK |0 005 20150701125445 
LOK |0 008 150701||||||||||||||||ger||||||| 
LOK |0 040   |a DE-21-24  |c DE-627  |d DE-21-24 
LOK |0 852   |a DE-21-24 
LOK |0 852 1  |c In: A,Id,139:2013  |m p  |9 00 
LOK |0 935   |a uwzs  |a t024 
LOK |0 936ln  |a A,Id, 
LOK |0 938   |a 7807 
LOK |0 938   |k p 
LOK |0 939   |a 01-07-15  |b l01 
ORI |a SA-MARC-krimdoka001.raw 
TIM |a 100019901003_100020261231  |b 1990-10-03 - 2026